000 00785cam a2200277Ia 4500
001 45296
005 20230410132954.0
008 810310s1979 sp 000 0 spa d
035 _a(OCoLC)ocm07211820
040 _aUSI
_cUSI
_dUBA
035 _a(OCoLC)7211820
050 1 4 _aB 791
_bB531p 1979
049 _aGRAL
100 1 _aBernstein, Richard J.
245 1 0 _aPraxis y acción /
_cRichard J. Bernstein.
260 _aMadrid :
_bAlianza Editorial,
_c1979.
300 _a346 p.
500 _aOriginally published by Duckworth, 1972 under title: Praxis and action.
500 _aSpanish Packet 61-8.
650 0 _aPhilosophy, Modern.
650 0 _aPractice (Philosophy)
650 7 _aFilosofia
_2larpcal
942 _2lcc
_cbk
946 _amfcruz
994 _aC0
_bDRFGD
999 _c91127
_d91127